<?xml version="1.0" encoding="UTF-8"?>
<collection xmlns="http://www.loc.gov/MARC21/slim">
 <record>
  <leader>06144cam a22007817a 4500</leader>
  <controlfield tag="001">000102278</controlfield>
  <controlfield tag="003">CZ-PrVSE</controlfield>
  <controlfield tag="005">20111017094720.0</controlfield>
  <controlfield tag="007">ta</controlfield>
  <controlfield tag="008">080122s2007    xr ac  fr     000 0 cze d</controlfield>
  <datafield tag="020" ind1=" " ind2=" ">
   <subfield code="a">978-80-7238-659-8</subfield>
   <subfield code="q">(brož.)</subfield>
  </datafield>
  <datafield tag="035" ind1=" " ind2=" ">
   <subfield code="a">(OCoLC)228602881</subfield>
  </datafield>
  <datafield tag="040" ind1=" " ind2=" ">
   <subfield code="a">JHD001</subfield>
   <subfield code="b">cze</subfield>
   <subfield code="c">JHD001</subfield>
   <subfield code="d">JHD001</subfield>
   <subfield code="d">ABA006</subfield>
  </datafield>
  <datafield tag="041" ind1="0" ind2=" ">
   <subfield code="a">cze</subfield>
   <subfield code="a">rus</subfield>
  </datafield>
  <datafield tag="072" ind1=" " ind2="7">
   <subfield code="a">811.161.1</subfield>
   <subfield code="x">Ruština</subfield>
   <subfield code="2">Konspekt</subfield>
   <subfield code="9">11</subfield>
  </datafield>
  <datafield tag="072" ind1=" " ind2="9">
   <subfield code="a">491.7</subfield>
   <subfield code="x">Russian language</subfield>
   <subfield code="2">Conspectus</subfield>
   <subfield code="9">11</subfield>
  </datafield>
  <datafield tag="080" ind1=" " ind2=" ">
   <subfield code="a">811.161.1</subfield>
   <subfield code="2">MRF</subfield>
  </datafield>
  <datafield tag="080" ind1=" " ind2=" ">
   <subfield code="a">(075)</subfield>
   <subfield code="2">MRF</subfield>
  </datafield>
  <datafield tag="099" ind1=" " ind2="9">
   <subfield code="a">8-RJ-K-RAD</subfield>
  </datafield>
  <datafield tag="245" ind1="0" ind2="0">
   <subfield code="a">Raduga l :</subfield>
   <subfield code="b">po novomu.</subfield>
   <subfield code="p">Učebnice ruštiny /</subfield>
   <subfield code="c">Stanislav Jelínek ... [et al.]</subfield>
  </datafield>
  <datafield tag="246" ind1="3" ind2="0">
   <subfield code="a">Učebnice ruštiny</subfield>
  </datafield>
  <datafield tag="250" ind1=" " ind2=" ">
   <subfield code="a">1. vyd.</subfield>
  </datafield>
  <datafield tag="260" ind1=" " ind2=" ">
   <subfield code="a">Plzeň :</subfield>
   <subfield code="b">Fraus,</subfield>
   <subfield code="c">2007</subfield>
  </datafield>
  <datafield tag="300" ind1=" " ind2=" ">
   <subfield code="a">128 s. :</subfield>
   <subfield code="b">il., portréty</subfield>
  </datafield>
  <datafield tag="500" ind1=" " ind2=" ">
   <subfield code="a">Na obálce označení A1</subfield>
  </datafield>
  <datafield tag="546" ind1=" " ind2=" ">
   <subfield code="a">Český a ruský text</subfield>
  </datafield>
  <datafield tag="650" ind1="0" ind2="7">
   <subfield code="a">ruština</subfield>
   <subfield code="7">ph125351</subfield>
   <subfield code="2">czenas</subfield>
  </datafield>
  <datafield tag="655" ind1=" " ind2="7">
   <subfield code="a">učebnice</subfield>
   <subfield code="7">fd133770</subfield>
   <subfield code="2">czenas</subfield>
  </datafield>
  <datafield tag="650" ind1="0" ind2="9">
   <subfield code="a">Russian language</subfield>
   <subfield code="2">eczenas</subfield>
  </datafield>
  <datafield tag="655" ind1=" " ind2="9">
   <subfield code="a">textbooks</subfield>
   <subfield code="2">eczenas</subfield>
  </datafield>
  <datafield tag="700" ind1="1" ind2=" ">
   <subfield code="a">Jelínek, Stanislav,</subfield>
   <subfield code="d">1931-</subfield>
   <subfield code="7">jn20000710083</subfield>
   <subfield code="4">aut</subfield>
  </datafield>
  <datafield tag="993" ind1=" " ind2=" ">
   <subfield code="a">007304370</subfield>
  </datafield>
  <datafield tag="996" ind1=" " ind2=" ">
   <subfield code="1">HPUVV</subfield>
   <subfield code="3">B 974/I-V10</subfield>
   <subfield code="4">N:P</subfield>
   <subfield code="5">4202138329</subfield>
   <subfield code="8">20140303</subfield>
   <subfield code="9">811.161.1JEL</subfield>
   <subfield code="f">81</subfield>
   <subfield code="l">UEP01</subfield>
   <subfield code="m">BOOK</subfield>
   <subfield code="q">Knihovna FM JH volný výběr</subfield>
   <subfield code="t">na 1 měsíc</subfield>
   <subfield code="u">UEP01</subfield>
  </datafield>
  <datafield tag="996" ind1=" " ind2=" ">
   <subfield code="1">HPUVV</subfield>
   <subfield code="3">B 974/I-V11</subfield>
   <subfield code="4">N:P</subfield>
   <subfield code="5">4202138327</subfield>
   <subfield code="8">20140303</subfield>
   <subfield code="9">811.161.1JEL</subfield>
   <subfield code="f">81</subfield>
   <subfield code="l">UEP01</subfield>
   <subfield code="m">BOOK</subfield>
   <subfield code="q">Knihovna FM JH volný výběr</subfield>
   <subfield code="t">na 1 měsíc</subfield>
   <subfield code="u">UEP01</subfield>
  </datafield>
  <datafield tag="996" ind1=" " ind2=" ">
   <subfield code="1">HPUVV</subfield>
   <subfield code="3">B 974/I-V12</subfield>
   <subfield code="4">N:P</subfield>
   <subfield code="5">4202138328</subfield>
   <subfield code="8">20140303</subfield>
   <subfield code="9">811.161.1JEL</subfield>
   <subfield code="f">81</subfield>
   <subfield code="l">UEP01</subfield>
   <subfield code="m">BOOK</subfield>
   <subfield code="q">Knihovna FM JH volný výběr</subfield>
   <subfield code="t">na 1 měsíc</subfield>
   <subfield code="u">UEP01</subfield>
  </datafield>
  <datafield tag="996" ind1=" " ind2=" ">
   <subfield code="1">HPUVV</subfield>
   <subfield code="3">B 974/I-V13</subfield>
   <subfield code="4">n:g</subfield>
   <subfield code="5">4202138730</subfield>
   <subfield code="8">20140930</subfield>
   <subfield code="9">811.161.1JEL</subfield>
   <subfield code="f">81</subfield>
   <subfield code="l">UEP01</subfield>
   <subfield code="m">BOOK</subfield>
   <subfield code="q">Knihovna FM JH volný výběr</subfield>
   <subfield code="t">na 1 měsíc</subfield>
   <subfield code="u">UEP01</subfield>
  </datafield>
  <datafield tag="996" ind1=" " ind2=" ">
   <subfield code="1">HPUVV</subfield>
   <subfield code="3">B 974/I-V14</subfield>
   <subfield code="4">N:P</subfield>
   <subfield code="5">4202145600</subfield>
   <subfield code="8">20220218</subfield>
   <subfield code="9">811.161.1JEL</subfield>
   <subfield code="f">81</subfield>
   <subfield code="g">1671</subfield>
   <subfield code="l">UEP01</subfield>
   <subfield code="m">BOOK</subfield>
   <subfield code="q">Knihovna FM JH volný výběr</subfield>
   <subfield code="t">na 1 měsíc</subfield>
   <subfield code="u">UEP01</subfield>
  </datafield>
  <datafield tag="996" ind1=" " ind2=" ">
   <subfield code="1">HPUVV</subfield>
   <subfield code="3">B 974/I-V15</subfield>
   <subfield code="4">N:P</subfield>
   <subfield code="5">4202145601</subfield>
   <subfield code="8">20220218</subfield>
   <subfield code="9">811.161.1JEL</subfield>
   <subfield code="f">81</subfield>
   <subfield code="g">1671</subfield>
   <subfield code="l">UEP01</subfield>
   <subfield code="m">BOOK</subfield>
   <subfield code="q">Knihovna FM JH volný výběr</subfield>
   <subfield code="t">na 1 měsíc</subfield>
   <subfield code="u">UEP01</subfield>
  </datafield>
  <datafield tag="996" ind1=" " ind2=" ">
   <subfield code="1">HPUVV</subfield>
   <subfield code="3">B 974/I-V16</subfield>
   <subfield code="4">N:P</subfield>
   <subfield code="5">4202145602</subfield>
   <subfield code="8">20220218</subfield>
   <subfield code="9">811.161.1JEL</subfield>
   <subfield code="f">81</subfield>
   <subfield code="g">1671</subfield>
   <subfield code="l">UEP01</subfield>
   <subfield code="m">BOOK</subfield>
   <subfield code="q">Knihovna FM JH volný výběr</subfield>
   <subfield code="t">na 1 měsíc</subfield>
   <subfield code="u">UEP01</subfield>
  </datafield>
  <datafield tag="996" ind1=" " ind2=" ">
   <subfield code="1">HPUVV</subfield>
   <subfield code="3">B 974/I-V17</subfield>
   <subfield code="4">N:P</subfield>
   <subfield code="5">4202145603</subfield>
   <subfield code="8">20220218</subfield>
   <subfield code="9">811.161.1JEL</subfield>
   <subfield code="f">81</subfield>
   <subfield code="g">1671</subfield>
   <subfield code="l">UEP01</subfield>
   <subfield code="m">BOOK</subfield>
   <subfield code="q">Knihovna FM JH volný výběr</subfield>
   <subfield code="t">na 1 měsíc</subfield>
   <subfield code="u">UEP01</subfield>
  </datafield>
  <datafield tag="996" ind1=" " ind2=" ">
   <subfield code="1">HPUVV</subfield>
   <subfield code="3">B 974/I-V18</subfield>
   <subfield code="4">N:P</subfield>
   <subfield code="5">4202145604</subfield>
   <subfield code="8">20220218</subfield>
   <subfield code="9">811.161.1JEL</subfield>
   <subfield code="f">81</subfield>
   <subfield code="g">1671</subfield>
   <subfield code="l">UEP01</subfield>
   <subfield code="m">BOOK</subfield>
   <subfield code="q">Knihovna FM JH volný výběr</subfield>
   <subfield code="t">na 1 měsíc</subfield>
   <subfield code="u">UEP01</subfield>
  </datafield>
  <datafield tag="996" ind1=" " ind2=" ">
   <subfield code="1">HPUVV</subfield>
   <subfield code="3">B 974/I-V2</subfield>
   <subfield code="4">N:P</subfield>
   <subfield code="5">4202128364</subfield>
   <subfield code="8">20080404</subfield>
   <subfield code="9">811.161.1JEL</subfield>
   <subfield code="f">81</subfield>
   <subfield code="l">UEP01</subfield>
   <subfield code="m">BOOK</subfield>
   <subfield code="q">Knihovna FM JH volný výběr</subfield>
   <subfield code="t">na 1 měsíc</subfield>
   <subfield code="u">UEP01</subfield>
  </datafield>
  <datafield tag="996" ind1=" " ind2=" ">
   <subfield code="1">HPUVV</subfield>
   <subfield code="3">B 974/I-V4</subfield>
   <subfield code="4">N:P</subfield>
   <subfield code="5">4202129163</subfield>
   <subfield code="8">20080930</subfield>
   <subfield code="9">811.161.1JEL</subfield>
   <subfield code="f">81</subfield>
   <subfield code="l">UEP01</subfield>
   <subfield code="m">BOOK</subfield>
   <subfield code="p">MI</subfield>
   <subfield code="q">Knihovna FM JH volný výběr</subfield>
   <subfield code="t">na 1 měsíc</subfield>
   <subfield code="u">UEP01</subfield>
   <subfield code="v">Ztráta</subfield>
  </datafield>
  <datafield tag="996" ind1=" " ind2=" ">
   <subfield code="1">HPUVV</subfield>
   <subfield code="3">B 974/I-V5</subfield>
   <subfield code="4">N:P</subfield>
   <subfield code="5">4202129164</subfield>
   <subfield code="8">20080930</subfield>
   <subfield code="9">811.161.1JEL</subfield>
   <subfield code="f">81</subfield>
   <subfield code="l">UEP01</subfield>
   <subfield code="m">BOOK</subfield>
   <subfield code="q">Knihovna FM JH volný výběr</subfield>
   <subfield code="t">na 1 měsíc</subfield>
   <subfield code="u">UEP01</subfield>
  </datafield>
  <datafield tag="996" ind1=" " ind2=" ">
   <subfield code="1">HPUVV</subfield>
   <subfield code="3">B 974/I-V6</subfield>
   <subfield code="4">N:P</subfield>
   <subfield code="5">4202129165</subfield>
   <subfield code="8">20080930</subfield>
   <subfield code="9">811.161.1JEL</subfield>
   <subfield code="f">81</subfield>
   <subfield code="l">UEP01</subfield>
   <subfield code="m">BOOK</subfield>
   <subfield code="q">Knihovna FM JH volný výběr</subfield>
   <subfield code="t">na 1 měsíc</subfield>
   <subfield code="u">UEP01</subfield>
  </datafield>
  <datafield tag="996" ind1=" " ind2=" ">
   <subfield code="1">HPUVV</subfield>
   <subfield code="3">B 974/I-V7</subfield>
   <subfield code="4">N:P</subfield>
   <subfield code="5">4202129166</subfield>
   <subfield code="8">20080930</subfield>
   <subfield code="9">811.161.1JEL</subfield>
   <subfield code="f">81</subfield>
   <subfield code="l">UEP01</subfield>
   <subfield code="m">BOOK</subfield>
   <subfield code="q">Knihovna FM JH volný výběr</subfield>
   <subfield code="t">na 1 měsíc</subfield>
   <subfield code="u">UEP01</subfield>
  </datafield>
  <datafield tag="996" ind1=" " ind2=" ">
   <subfield code="1">HPUVV</subfield>
   <subfield code="3">B 974/I-V8</subfield>
   <subfield code="4">N:P</subfield>
   <subfield code="5">4202129167</subfield>
   <subfield code="8">20080930</subfield>
   <subfield code="9">811.161.1JEL</subfield>
   <subfield code="f">81</subfield>
   <subfield code="l">UEP01</subfield>
   <subfield code="m">BOOK</subfield>
   <subfield code="q">Knihovna FM JH volný výběr</subfield>
   <subfield code="t">na 1 měsíc</subfield>
   <subfield code="u">UEP01</subfield>
  </datafield>
  <datafield tag="996" ind1=" " ind2=" ">
   <subfield code="1">HPUVV</subfield>
   <subfield code="3">B 974/I-V9</subfield>
   <subfield code="4">N:P</subfield>
   <subfield code="5">4202137793</subfield>
   <subfield code="8">20131010</subfield>
   <subfield code="9">811.161.1JEL</subfield>
   <subfield code="f">81</subfield>
   <subfield code="l">UEP01</subfield>
   <subfield code="m">BOOK</subfield>
   <subfield code="q">Knihovna FM JH volný výběr</subfield>
   <subfield code="t">na 1 měsíc</subfield>
   <subfield code="u">UEP01</subfield>
  </datafield>
  <datafield tag="996" ind1=" " ind2=" ">
   <subfield code="1">HSKL1</subfield>
   <subfield code="3">B 974/I-V3</subfield>
   <subfield code="4">N:P</subfield>
   <subfield code="5">4202129162</subfield>
   <subfield code="8">20080930</subfield>
   <subfield code="9">811.161.1JEL</subfield>
   <subfield code="f">81</subfield>
   <subfield code="l">UEP01</subfield>
   <subfield code="m">BOOK</subfield>
   <subfield code="q">Knihovna FM JH sklad I</subfield>
   <subfield code="t">na 1 měsíc</subfield>
   <subfield code="u">UEP01</subfield>
  </datafield>
  <datafield tag="996" ind1=" " ind2=" ">
   <subfield code="1">HSTU1</subfield>
   <subfield code="3">B 974/I-V1</subfield>
   <subfield code="4">N:P</subfield>
   <subfield code="5">4202127885</subfield>
   <subfield code="8">20080122</subfield>
   <subfield code="9">811.161.1JEL</subfield>
   <subfield code="f">85</subfield>
   <subfield code="l">UEP01</subfield>
   <subfield code="m">BOOK</subfield>
   <subfield code="q">Knihovna FM JH studovna I</subfield>
   <subfield code="t">prezenční</subfield>
   <subfield code="u">UEP01</subfield>
  </datafield>
  <datafield tag="996" ind1=" " ind2=" ">
   <subfield code="1">PDPZ0</subfield>
   <subfield code="3">E44143/Ia</subfield>
   <subfield code="4">N:P</subfield>
   <subfield code="5">3142218600</subfield>
   <subfield code="8">20080401</subfield>
   <subfield code="9">8-RJ-K-RAD</subfield>
   <subfield code="f">81</subfield>
   <subfield code="g">15571</subfield>
   <subfield code="l">UEP01</subfield>
   <subfield code="m">BOOK</subfield>
   <subfield code="q">Knihovna Žižkov depoz. 0</subfield>
   <subfield code="t">na 1 měsíc</subfield>
   <subfield code="u">UEP01</subfield>
   <subfield code="w">20080416</subfield>
  </datafield>
  <datafield tag="996" ind1=" " ind2=" ">
   <subfield code="1">PDPZ0</subfield>
   <subfield code="3">E44143/Ib</subfield>
   <subfield code="4">N:P</subfield>
   <subfield code="5">3142218601</subfield>
   <subfield code="8">20080401</subfield>
   <subfield code="9">8-RJ-K-RAD</subfield>
   <subfield code="f">81</subfield>
   <subfield code="g">15571</subfield>
   <subfield code="l">UEP01</subfield>
   <subfield code="m">BOOK</subfield>
   <subfield code="q">Knihovna Žižkov depoz. 0</subfield>
   <subfield code="t">na 1 měsíc</subfield>
   <subfield code="u">UEP01</subfield>
   <subfield code="w">20080416</subfield>
  </datafield>
  <datafield tag="996" ind1=" " ind2=" ">
   <subfield code="1">PDPZ0</subfield>
   <subfield code="3">E44143/In</subfield>
   <subfield code="4">N:náhrada</subfield>
   <subfield code="5">3142271614</subfield>
   <subfield code="8">20140102</subfield>
   <subfield code="9">8-RJ-K-RAD</subfield>
   <subfield code="f">81</subfield>
   <subfield code="l">UEP01</subfield>
   <subfield code="m">BOOK</subfield>
   <subfield code="q">Knihovna Žižkov depoz. 0</subfield>
   <subfield code="t">na 1 měsíc</subfield>
   <subfield code="u">UEP01</subfield>
   <subfield code="w">20140102</subfield>
  </datafield>
  <datafield tag="996" ind1=" " ind2=" ">
   <subfield code="1">PJMHS</subfield>
   <subfield code="3">E44143/Ich</subfield>
   <subfield code="4">N:P</subfield>
   <subfield code="5">3142233091</subfield>
   <subfield code="8">20090903</subfield>
   <subfield code="9">8-RJ-K-RAD</subfield>
   <subfield code="f">81</subfield>
   <subfield code="g">21079</subfield>
   <subfield code="l">UEP01</subfield>
   <subfield code="m">BOOK</subfield>
   <subfield code="q">Studovna JM</subfield>
   <subfield code="t">na 1 měsíc</subfield>
   <subfield code="u">UEP01</subfield>
   <subfield code="w">20100208</subfield>
  </datafield>
  <datafield tag="996" ind1=" " ind2=" ">
   <subfield code="1">PJMHS</subfield>
   <subfield code="3">E44143/Id</subfield>
   <subfield code="4">N:P</subfield>
   <subfield code="5">3142218603</subfield>
   <subfield code="8">20080401</subfield>
   <subfield code="9">8-RJ-K-RAD</subfield>
   <subfield code="f">81</subfield>
   <subfield code="g">15571</subfield>
   <subfield code="l">UEP01</subfield>
   <subfield code="m">BOOK</subfield>
   <subfield code="q">Studovna JM</subfield>
   <subfield code="t">na 1 měsíc</subfield>
   <subfield code="u">UEP01</subfield>
   <subfield code="w">20080514</subfield>
  </datafield>
  <datafield tag="996" ind1=" " ind2=" ">
   <subfield code="1">PJMHS</subfield>
   <subfield code="3">E44143/Ie</subfield>
   <subfield code="4">N:P</subfield>
   <subfield code="5">3142218604</subfield>
   <subfield code="8">20080401</subfield>
   <subfield code="9">8-RJ-K-RAD</subfield>
   <subfield code="f">81</subfield>
   <subfield code="g">15571</subfield>
   <subfield code="l">UEP01</subfield>
   <subfield code="m">BOOK</subfield>
   <subfield code="q">Studovna JM</subfield>
   <subfield code="t">na 1 měsíc</subfield>
   <subfield code="u">UEP01</subfield>
   <subfield code="w">20080514</subfield>
  </datafield>
  <datafield tag="996" ind1=" " ind2=" ">
   <subfield code="1">PJMHS</subfield>
   <subfield code="3">E44143/Ii</subfield>
   <subfield code="4">N:P</subfield>
   <subfield code="5">3142233092</subfield>
   <subfield code="8">20090903</subfield>
   <subfield code="9">8-RJ-K-RAD</subfield>
   <subfield code="f">81</subfield>
   <subfield code="g">21079</subfield>
   <subfield code="l">UEP01</subfield>
   <subfield code="m">BOOK</subfield>
   <subfield code="q">Studovna JM</subfield>
   <subfield code="t">na 1 měsíc</subfield>
   <subfield code="u">UEP01</subfield>
   <subfield code="w">20100208</subfield>
  </datafield>
  <datafield tag="996" ind1=" " ind2=" ">
   <subfield code="1">PJMHS</subfield>
   <subfield code="3">E44143/Ij</subfield>
   <subfield code="4">N:P</subfield>
   <subfield code="5">3142233093</subfield>
   <subfield code="8">20090903</subfield>
   <subfield code="9">8-RJ-K-RAD</subfield>
   <subfield code="f">81</subfield>
   <subfield code="g">21079</subfield>
   <subfield code="l">UEP01</subfield>
   <subfield code="m">BOOK</subfield>
   <subfield code="q">Studovna JM</subfield>
   <subfield code="t">na 1 měsíc</subfield>
   <subfield code="u">UEP01</subfield>
   <subfield code="w">20100208</subfield>
  </datafield>
  <datafield tag="996" ind1=" " ind2=" ">
   <subfield code="1">PJMSK</subfield>
   <subfield code="3">E44143/If</subfield>
   <subfield code="4">N:P</subfield>
   <subfield code="5">3142218605</subfield>
   <subfield code="8">20080401</subfield>
   <subfield code="9">8-RJ-K-RAD</subfield>
   <subfield code="f">81</subfield>
   <subfield code="g">15571</subfield>
   <subfield code="l">UEP01</subfield>
   <subfield code="m">BOOK</subfield>
   <subfield code="q">Knihovna JM - sklad</subfield>
   <subfield code="t">na 1 měsíc</subfield>
   <subfield code="u">UEP01</subfield>
   <subfield code="w">20080514</subfield>
  </datafield>
  <datafield tag="996" ind1=" " ind2=" ">
   <subfield code="1">PJMSK</subfield>
   <subfield code="3">E44143/Ig</subfield>
   <subfield code="4">N:P</subfield>
   <subfield code="5">3142218606</subfield>
   <subfield code="8">20080401</subfield>
   <subfield code="9">8-RJ-K-RAD</subfield>
   <subfield code="f">81</subfield>
   <subfield code="g">15571</subfield>
   <subfield code="l">UEP01</subfield>
   <subfield code="m">BOOK</subfield>
   <subfield code="q">Knihovna JM - sklad</subfield>
   <subfield code="t">na 1 měsíc</subfield>
   <subfield code="u">UEP01</subfield>
   <subfield code="w">20080514</subfield>
  </datafield>
  <datafield tag="996" ind1=" " ind2=" ">
   <subfield code="1">PJMSK</subfield>
   <subfield code="3">E44143/Ih</subfield>
   <subfield code="4">N:P</subfield>
   <subfield code="5">3142218607</subfield>
   <subfield code="8">20080401</subfield>
   <subfield code="9">8-RJ-K-RAD</subfield>
   <subfield code="f">81</subfield>
   <subfield code="g">15571</subfield>
   <subfield code="l">UEP01</subfield>
   <subfield code="m">BOOK</subfield>
   <subfield code="q">Knihovna JM - sklad</subfield>
   <subfield code="t">na 1 měsíc</subfield>
   <subfield code="u">UEP01</subfield>
   <subfield code="w">20080514</subfield>
  </datafield>
  <datafield tag="996" ind1=" " ind2=" ">
   <subfield code="1">PJMSK</subfield>
   <subfield code="3">E44143/Il</subfield>
   <subfield code="4">N:P</subfield>
   <subfield code="5">3142251005</subfield>
   <subfield code="8">20111007</subfield>
   <subfield code="9">8-RJ-K-RAD</subfield>
   <subfield code="f">81</subfield>
   <subfield code="g">29061</subfield>
   <subfield code="l">UEP01</subfield>
   <subfield code="m">BOOK</subfield>
   <subfield code="q">Knihovna JM - sklad</subfield>
   <subfield code="t">na 1 měsíc</subfield>
   <subfield code="u">UEP01</subfield>
   <subfield code="w">20111108</subfield>
  </datafield>
  <datafield tag="996" ind1=" " ind2=" ">
   <subfield code="1">PKRUJ</subfield>
   <subfield code="3">E44143/Ik</subfield>
   <subfield code="4">N:P</subfield>
   <subfield code="5">3142238332</subfield>
   <subfield code="8">20100609</subfield>
   <subfield code="9">8-RJ-K-RAD</subfield>
   <subfield code="f">83</subfield>
   <subfield code="g">23977</subfield>
   <subfield code="l">UEP01</subfield>
   <subfield code="m">BOOK</subfield>
   <subfield code="q">F2-KSJ (dříve F2-KRUJ)</subfield>
   <subfield code="t">na dislokovaném</subfield>
   <subfield code="u">UEP01</subfield>
   <subfield code="w">20100625</subfield>
  </datafield>
  <datafield tag="996" ind1=" " ind2=" ">
   <subfield code="1">PKRUJ</subfield>
   <subfield code="3">E44143/Im</subfield>
   <subfield code="4">N:P</subfield>
   <subfield code="5">3142258496</subfield>
   <subfield code="8">20120531</subfield>
   <subfield code="9">8-RJ-K-RAD</subfield>
   <subfield code="f">83</subfield>
   <subfield code="g">31579</subfield>
   <subfield code="l">UEP01</subfield>
   <subfield code="m">BOOK</subfield>
   <subfield code="q">F2-KSJ (dříve F2-KRUJ)</subfield>
   <subfield code="t">na dislokovaném</subfield>
   <subfield code="u">UEP01</subfield>
   <subfield code="w">20120726</subfield>
  </datafield>
  <datafield tag="996" ind1=" " ind2=" ">
   <subfield code="1">PSKLA</subfield>
   <subfield code="3">E44143/Ic</subfield>
   <subfield code="4">N:P</subfield>
   <subfield code="5">3142218602</subfield>
   <subfield code="8">20080401</subfield>
   <subfield code="9">8-RJ-K-RAD</subfield>
   <subfield code="f">81</subfield>
   <subfield code="g">15571</subfield>
   <subfield code="l">UEP01</subfield>
   <subfield code="m">BOOK</subfield>
   <subfield code="p">MI</subfield>
   <subfield code="q">Knihovna Žižkov - sklad</subfield>
   <subfield code="t">na 1 měsíc</subfield>
   <subfield code="u">UEP01</subfield>
   <subfield code="v">Ztráta</subfield>
   <subfield code="w">20080416</subfield>
  </datafield>
  <datafield tag="996" ind1=" " ind2=" ">
   <subfield code="1">PSTUD</subfield>
   <subfield code="3">E44143/I</subfield>
   <subfield code="4">N:P</subfield>
   <subfield code="5">3142218599</subfield>
   <subfield code="8">20080401</subfield>
   <subfield code="9">8-RJ-K-RAD</subfield>
   <subfield code="f">85</subfield>
   <subfield code="g">15571</subfield>
   <subfield code="l">UEP01</subfield>
   <subfield code="m">BOOK</subfield>
   <subfield code="q">Studovna Žižkov</subfield>
   <subfield code="t">prezenční</subfield>
   <subfield code="u">UEP01</subfield>
   <subfield code="w">20080428</subfield>
  </datafield>
 </record>
</collection>
